| 000 | 00838nam a2200217Ii 4500 | ||
|---|---|---|---|
| 003 | JO-AjNU | ||
| 008 | 230605s9999||||xx |||||||||||||| ||und|| | ||
| 017 | _a2007/40521 | ||
| 020 | _a977-5677-52-1 | ||
| 040 |
_aJO-AjNU _bara _erda _cJO-AjNU |
||
| 041 | _aara | ||
| 050 | 1 | 4 | _aKZ6471 2009 |
| 100 | 3 |
_aهنكرتس، جون ماري وآخرون, _eauthor _947294 |
|
| 245 | 0 | 0 | _aالقانون الدولي الإنساني العرفي: القواعد، المجلد 1 |
| 264 | 3 | 1 | _aالقاهرة: اللجنة الدولية للصليب الاحمر، 2009 |
| 300 | _aمج 1، 541ص | ||
| 336 |
_atext _btxt _2rdacontent |
||
| 337 |
_aunmediated _bn _2rdamedia |
||
| 338 |
_avolume _bnc _2rdacarrier |
||
| 650 | 4 |
_aالقانون الدولي الانساني العرفي - المحاكم الجنائبة الدولية _947295 |
|
| 999 |
_aA20635 _c24203 _d24203 |
||